Statistics for Science Bowl Questions Test

Click here to take the quiz!

General Stats

  • This quiz has been taken 29 times
  • The average score is 10 of 12

Answer Stats

YearMovie% Correct
Math Short Answer
What is 1+1?
2
100%
Math Multiple Choice
What is 1x1?
W) 1
X) 2
Y) 3
Z) 4
W
96%
ESS Multiple Choice
What is the common name of the North Star?
W) Polaris
X) Sirius
Y) Sun
Z) Red Giant
W
96%
Chemistry Multiple Choice
What is the opposite of a proton?
W) Neutron
X) Electron
Y) Positron
Z) Quark
X
96%
Physics Multiple Choice
What is the momentum of a 15kg ball moving at 3m/s?
W) 10
X) 20
Y) 45
Z) 50
Y
96%
Biology Multiple Choice
What organelle produces ATP?
W) Ribosome
X) Nucleus
Y) Mitochondria
Z) Lysozome
Y
96%
Energy Multiple Choice
A study by Brookhaven National Lab has shown that what form of energy is very common in Iceland?
W) Nuclear
X) Hydropower
Y) Wind
Z) Geothermal
Z
96%
Biology Short Answer
How many pairs of chromosomes are in a healthy somatic cell?
23
89%
ESS Short Answer
What is the common name of large masses of ice?
glacier
78%
Energy Short Answer
What form of energy requires the fission of nucleii?
Nuclear
78%
Physics Short Answer
What form of energy is opposite of potential?
kinetic
74%
Chemistry Short Answer
What is CuO(II)?
Cupric
11%

Score Distribution

Percentile by Number Answered

Percent of People with Each Score

Your Score History

You have not taken this quiz